Library of the University of Algiers 3
Ibrahim Sultan Cheibout
شعار جامعة الجزائر 3
مكتبة جامعة الجزائر 3
إبراهيم سلطان شيبوط

الرقابة والتدقيق في القطاع العام / (رقم التسجيلة. 41454)

تفاصيل مارك
000 -LEADER
fixed length control field 02397nam a2200229Ia 4500
003 - CONTROL NUMBER IDENTIFIER
control field Ost
005 - DATE AND TIME OF LATEST TRANSACTION
control field 20260416102402.0
008 - FIXED-LENGTH DATA ELEMENTS--GENERAL INFORMATION
fixed length control field 260416s9999||||xx |||||||||||||| ||und||
040 ## - CATALOGING SOURCE
Transcribing agency fsecg
041 ## - LANGUAGE CODE
Language code of text/sound track or separate title ara
082 ## - DEWEY DECIMAL CLASSIFICATION NUMBER
Classification number 657.42
100 ## - MAIN ENTRY--PERSONAL NAME
Personal name تباني، آمال
Relator term مؤلف
245 #0 - TITLE STATEMENT
Title الرقابة والتدقيق في القطاع العام /
Statement of responsibility, etc. آمال تباني
260 ## - PUBLICATION, DISTRIBUTION, ETC.
Place of publication, distribution, etc. الجزائر
Name of publisher, distributor, etc. جامعة الجزائر3: كلية العلوم الإقتصادية، العلوم التجارية وعلوم التسيير
Date of publication, distribution, etc. 2021
300 ## - PHYSICAL DESCRIPTION
Extent 152 ورقة
Other physical details ايضاحات
Dimensions 12 سم
504 ## - BIBLIOGRAPHY, ETC. NOTE
Bibliography, etc. note المراجع ص.9
520 ## - SUMMARY, ETC.
Summary, etc. تهدف هذه المطبوعة إلى تقديم دراسة شاملة لنظام الرقابة والتدقيق الساري في القطاع العام، مع التركيز على آليات الرقابة المختلفة وأهدافها وأدواتها. كما تسعى المطبوعة إلى تسليط الضوء على أهمية التدقيق الحكومي في ضمان الشفافية والمساءلة في إدارة المال العام. وتغطي المطبوعة الأطر النظرية للرقابة المالية، وأنواع الرقابة المختلفة، وأساليب تنفيذها، ودور الجهات الرقابية المختلفة مثل المراقب المالي، المحاسب العمومي، المفتشية العامة للمالية، والبرلمان. كما تتناول المطبوعة مفهوم التدقيق الحكومي وأهدافه، وأنواعه، والمعايير الدولية المتعلقة به. وتخلص المطبوعة إلى أن نظام الرقابة والتدقيق في القطاع العام يلعب دوراً حيوياً في ضمان حسن إدارة المال العام، وتحقيق الشفافية والمساءلة. وتؤكد المطبوعة على أهمية تطوير هذا النظام وتحديثه بشكل مستمر لمواكبة التطورات الحديثة في مجال الإدارة المالية العامة.
653 ## - INDEX TERM--UNCONTROLLED
Uncontrolled term المال العام - التدقيق
653 ## - INDEX TERM--UNCONTROLLED
Uncontrolled term المال العام - الرقابة
710 ## - ADDED ENTRY--CORPORATE NAME
Corporate name or jurisdiction name as entry element جامعة الجزائر3: كلية العلوم الإقتصادية، العلوم التجارية وعلوم التسيير
Relator term ناشر علمي
942 ## - ADDED ENTRY ELEMENTS (KOHA)
Koha item type مطبوعات
المقتنيات
Withdrawn status Lost status Source of classification or shelving scheme Damaged status Not for loan Home library Current library Date acquired Serial enumeration / chronology Inventory number Total checkouts Full call number Barcode Date last seen Price effective from Koha item type
    Dewey Decimal Classification   NOT LOAN / إعارة داخلية مكتبة كلية العلوم الإقتصادية والعلوم التجارية وعلوم التسيير مكتبة كلية العلوم الإقتصادية والعلوم التجارية وعلوم التسيير 16/04/2026 الطابق الثاني مط.917-1   مط.917 ن1 مط.917-1 16/04/2026 16/04/2026 مطبوعات

موارد الويب المفتوحة


© University of Algiers 3 All Rights Reserved
|
Implemented by LECHELAH Riad